Statistics for Premier League 21/22 matchweek 7 King of the match

Click here to take the quiz!

General Stats

  • This quiz has been taken 7 times
  • The average score is 7 of 10

Answer Stats

HintAnswer% Correct
Chelsea 3-1 SouthamptonTimo Werner
100%
Man United 1-1 EvertonAndros Townsend
86%
Tottenham 2-1 Aston VillaHeung-Min Son
86%
Liverpool 2-2 Man CityMohamed Salah
86%
Leeds 1-0 WatfordDiego Llorente
71%
Crystal Palace 2-2 LeicesterJamie Vardy
71%
West Ham 1-2 BrentfordBryan Mbeumo
57%
Wolves 2-1 NewcastleHee-Chan Hwang
57%
Burnley 0-0 NorwichNick Pope
57%
Brighton 0-0 ArsenalShane Duffy
57%

Score Distribution

Percentile by Number Answered

Percent of People with Each Score

Your Score History

You have not taken this quiz